| 000 | 00705nam a2200229 i 4500 | ||
|---|---|---|---|
| 001 | 183411 | ||
| 003 | ES-MaACL | ||
| 005 | 20250815070200.0 | ||
| 008 | 140416s1913 it | |||| ||ita d | ||
| 080 | _a821.133.1-1"15" | ||
| 100 | 1 |
_aStampa, Gaspara. _9147495 |
|
| 245 | 1 | 0 |
_aRime / _cGaspara Stampa, Veronica Franco ; a cura di Abdelkader Salza. |
| 260 |
_aBari : _bGius. Laterza & Figli, _c1913. |
||
| 300 |
_a415 p. ; _c22 cm. |
||
| 490 | 1 |
_aScrittori d'Italia ; _v52 |
|
| 700 | 1 |
_aFranco, Veronica. _9154730 |
|
| 700 | 1 |
_aSalza, Abdelkader. _9154731 |
|
| 740 | 0 | _aTerze rime e sonetti. | |
| 830 | 0 | 0 |
_aScrittori d'Italia _v52 _9191925 |
| 852 |
_aES-MaACL _jG-3753 |
||
| 999 |
_c183411 _d183411 |
||